British Artists - Sudden Death - Statistics

General Stats
  • This quiz has been taken 65 times
  • The average score is 10 of 12
Answers on the Grid
Answers color-coded by a green-red scale on the quiz's grid according to % correct below.
AC/DC
Adele
Beatles
Bruno Mars
Ed Sheeran
Lady Gaga
Amy Winehouse
David Bowie
Elvis
Rolling Stones
Madonna
Arctic Monkeys
Sam Smith
Dua Lipa
Bob Marley
Michael Jackson
Led Zeppellin
Shakira
Elton John
Beyonce
Sting
Carlos Santana
Celine Dion
ABBA
 
Answer Stats
Answer % Correct
Adele
97%
Beatles
94%
Ed Sheeran
94%
Elton John
89%
David Bowie
85%
Rolling Stones
84%
Sam Smith
84%
Amy Winehouse
81%
Sting
77%
Arctic Monkeys
74%
Led Zeppellin
71%
Dua Lipa
69%
No matching quizzes found
Score Distribution
Percent of People with Each Score
Percentile by Number Answered
Your Score History
You have not taken this quiz